| Tag |
First Indicator |
Second Indicator |
Subfields |
| LEADER |
00000cam a2200000 a 4500 |
| 001 |
in00000083085 |
| 005 |
20151008055554.0 |
| 008 |
820317s1980 quc b 00110 eng |
| 010 |
|
|
|a 80153744
|
| 015 |
|
|
|a C***
|
| 020 |
|
|
|a 0773505199
|
| 035 |
|
|
|a (OCoLC)07100760
|
| 035 |
|
|
|9 AAJ3821AM
|
| 039 |
0 |
|
|a 2
|b 3
|c 3
|d 3
|e 3
|
| 040 |
|
|
|a DLC
|c DLC
|d TXA
|d UtOrBLW
|
| 049 |
|
|
|a TXAM
|c [387534]
|
| 050 |
0 |
0 |
|a PR5560
|b .G74
|
| 082 |
0 |
|
|a 821/.8
|2 19
|
| 100 |
1 |
|
|a Gray, James Martin.
|
| 245 |
1 |
0 |
|a Thro' the vision of the night :
|b a study of source, evolution, and structure in Tennyson's Idylls of the King /
|c J.M. Gray.
|
| 264 |
|
1 |
|a Montreal :
|b McGill-Queen's University Press,
|c [1980]
|
| 264 |
|
4 |
|c ©1980
|
| 300 |
|
|
|a vi, 179 pages ;
|c 22 cm.
|
| 336 |
|
|
|a text
|b txt
|2 rdacontent
|
| 337 |
|
|
|a unmediated
|b n
|2 rdamedia
|
| 338 |
|
|
|a volume
|b nc
|2 rdacarrier
|
| 500 |
|
|
|a Includes index.
|
| 504 |
|
|
|a Bibliography: pages 168-174.
|
| 600 |
1 |
0 |
|a Tennyson, Alfred Tennyson,
|c Baron,
|d 1809-1892.
|t Idylls of the king.
|
| 600 |
1 |
0 |
|a Tennyson, Alfred Tennyson,
|c Baron,
|d 1809-1892
|x Technique.
|
| 650 |
|
0 |
|a Arthurian romances
|x History and criticism.
|
| 999 |
|
|
|a MARS
|
| 999 |
f |
f |
|s 4cea4561-e45d-3096-9bd1-f8d03fb52ec1
|i 185a9ca6-451a-3b72-9bb5-13ee1f52ffb4
|t 0
|
| 952 |
f |
f |
|p normal
|a Texas A&M University
|b College Station
|c Sterling C. Evans Library
|d Evans: Library Stacks
|t 0
|e PR5560 .G74
|h Library of Congress classification
|i unmediated -- volume
|m A14806186013
|
| 998 |
f |
f |
|a PR5560 .G74
|t 0
|l Evans: Library Stacks
|